American VS British words - Statistics

General Stats
  • This quiz has been taken 229 times
  • The average score is 14 of 20
Answer Stats
American British % Correct
Soccer Football
98%
Fries Chips
94%
Apartment Flat
91%
Fall Autumn
90%
Vacation Holiday
89%
Elevator Lift
89%
Chips Crisps
88%
Cookie Biscuit
86%
Candy Sweets
81%
Sneakers Trainers
65%
Yard Garden
64%
Line Queue
63%
Closet Wardrobe
63%
Sidewalk Pavement
62%
Faucet Tap
60%
Zip Code Postcode
54%
Highway Motorway
51%
Ladybug Ladybird
49%
Zipper Zip
46%
Main Street High Street
43%
No matching quizzes found
Score Distribution
Percent of People with Each Score
Percentile by Number Answered
Your Score History
You have not taken this quiz